[Event "ICS rated blitz match"]
[Site "204.178.125.65"]
[Date "2000.07.29"]
[Round "?"]
[White "QueenMaxima"]
[Black "Hossa"]
[Result "1-0"]
[WhiteElo "2564"]
[BlackElo "2561"]
[PlyCount "127"]
[EventDate "2000.??.??"]

1. d4 Nf6 2. Bf4 g6 3. Nf3 Bg7 4. e3 c5 5. c3 cxd4 6. cxd4 d6 7. Nbd2 Nd5 8.
Bg3 Nc6 9. Bc4 Nb6 10. Bb5 Bd7 11. O-O O-O 12. Rc1 Nb4 13. Bxd7 Qxd7 14. Qb3 a5
15. a3 N4d5 16. e4 a4 17. Qd3 Nc7 18. Bh4 Rac8 19. Rc3 Ne6 20. Rfc1 Nf4 21. Qe3
Bh6 22. Kh1 Rxc3 23. Rxc3 f5 24. Rc2 fxe4 25. Qxe4 e6 26. Bg5 Bxg5 27. Nxg5 Qe7
28. Ngf3 Nbd5 29. Rc1 b5 30. Rc6 g5 31. Qc2 g4 32. Ng1 Qd7 33. Ne4 Nd3 34. f3
gxf3 35. gxf3 N5f4 36. Rxd6 Qg7 37. Nc5 Nxc5 38. dxc5 Rc8 39. c6 Qe7 40. Rd7
Qh4 41. Qe4 e5 42. Qxe5 Qh6 43. Qxb5 Qf6 44. c7 Ne6 45. Qa6 Rf8 46. c8=Q Rxc8
47. Qxc8+ Nf8 48. Ra7 h6 49. Qc4+ Ne6 50. Ra6 Kf7 51. Qxa4 Qe5 52. b3 Qd5 53.
Ra7+ Kf6 54. Rd7 Qg5 55. Ne2 Qh5 56. Qa8 Qh3 57. Qh8+ Kf5 58. Rf7+ Kg5 59. Qf6+
Kh5 60. Nf4+ Nxf4 61. Qe5+ Kh4 62. Rxf4+ Qg4 63. Rxg4+ Kh3 64. Qh5# {
Hossa checkmated} 1-0

[Event "ICS rated blitz match"]
[Site "204.178.125.65"]
[Date "2000.07.29"]
[Round "?"]
[White "Hossa"]
[Black "QueenMaxima"]
[Result "0-1"]
[WhiteElo "2545"]
[BlackElo "2580"]
[PlyCount "152"]
[EventDate "2000.??.??"]

1. d4 e6 2. c4 Nf6 3. Nf3 b6 4. g3 Ba6 5. Nbd2 Bb7 6. Bg2 Be7 7. O-O O-O 8. Rb1
a5 9. Ra1 a4 10. Nb1 Nc6 11. a3 d5 12. cxd5 Nxd5 13. Nc3 Nxc3 14. bxc3 Ra5 15.
c4 Bf6 16. e3 Qd6 17. Bd2 Raa8 18. Bc3 Rfd8 19. Qc2 Na5 20. Bb2 Nb3 21. Rab1
Ra5 22. Rfe1 Bc6 23. Bc3 Rh5 24. Bb4 Qd7 25. Rbd1 Qc8 26. Qe2 Rh6 27. h3 Be4
28. Nh2 Bxg2 29. Kxg2 c5 30. Ng4 cxb4 31. Nxh6+ gxh6 32. axb4 Bg7 33. Rf1 h5
34. c5 h4 35. cxb6 Qb7+ 36. Kg1 Qxb6 37. Qh5 hxg3 38. fxg3 Rd7 39. Rf2 Qxb4 40.
Rb1 Qb8 41. Qf3 f5 42. Rfb2 Rc7 43. Ra2 Qe8 44. Rf1 Rc3 45. Re1 Nxd4 46. Qf2
Nb3 47. Qf4 Nc5 48. Rb2 Nd3 49. Rb8 Rc8 50. Qc4 Rxc4 51. Rxe8+ Kf7 52. Rd1 Kxe8
53. Rxd3 Rc3 54. Rd6 Rxe3 55. Kf2 Re4 56. Ra6 Bd4+ 57. Kf1 Be3 58. Ra8+ Kd7 59.
Rh8 h6 60. Rf8 a3 61. Ra8 Bc5 62. Ra6 Re3 63. Ra5 Bb6 64. Ra6 Rf3+ 65. Ke2 Rb3
66. h4 Kc6 67. g4 fxg4 68. Kf1 Kd5 69. Ra4 e5 70. Ke1 g3 71. Rg4 a2 72. Ra4 g2
73. Kd2 g1=Q 74. Kc2 Qb1+ 75. Kd2 Rd3+ 76. Ke2 Qd1# {Hossa checkmated} 0-1

[Event "ICS rated standard match"]
[Site "204.178.125.65"]
[Date "2000.07.29"]
[Round "?"]
[White "Hossa"]
[Black "cmslim"]
[Result "0-1"]
[WhiteElo "2263"]
[BlackElo "2559"]
[PlyCount "100"]
[EventDate "2000.??.??"]

1. d4 d5 2. c4 e6 3. Nc3 Nf6 4. cxd5 exd5 5. Bg5 c6 6. e3 Be7 7. Bd3 Nbd7 8.
Qc2 Nh5 9. Bxe7 Qxe7 10. Be2 Nhf6 11. Nf3 O-O 12. O-O Ne4 13. Bd3 Ndf6 14. Ne5
Nxc3 15. bxc3 Be6 16. Rab1 Qc7 17. c4 dxc4 18. Bxc4 Bxc4 19. Qxc4 Ne4 20. Qd3
Nd6 21. Rb2 Rfe8 22. Rfb1 Qa5 23. Nc4 Qa6 24. Rc1 Re7 25. a3 Rd8 26. Rcc2 Nxc4
27. Rxc4 c5 28. Rd2 b6 29. d5 f5 30. Qb3 Rd6 31. Rf4 Re5 32. f3 Qa5 33. Rd1 b5
34. e4 g6 35. Rh4 c4 36. Qe3 Qd8 37. Qd4 Qe7 38. g3 g5 39. Rh5 fxe4 40. fxe4 a6
41. Rf1 h6 42. Qc5 Rxe4 43. Qc8+ Kg7 44. g4 Rf6 45. Rxf6 Re1+ 46. Kg2 Qe4+ 47.
Rf3 Re2+ 48. Kg1 Qd4+ 49. Kh1 Qd1+ 50. Rf1 Qxf1# {Hossa checkmated} 0-1

[Event "ICS rated standard match"]
[Site "204.178.125.65"]
[Date "2000.07.29"]
[Round "?"]
[White "greekgift"]
[Black "Hossa"]
[Result "0-1"]
[WhiteElo "1936"]
[BlackElo "2258"]
[PlyCount "82"]
[EventDate "2000.??.??"]

1. e4 e5 2. Nf3 Nc6 3. Bc4 Nf6 4. d4 exd4 5. O-O Nxe4 6. Re1 d5 7. Bxd5 Qxd5 8.
Nc3 Qc4 9. Nxe4 Be6 10. Neg5 O-O-O 11. Rxe6 fxe6 12. Nf7 Be7 13. Nxh8 Rxh8 14.
a3 Rf8 15. Qd3 Qxd3 16. cxd3 Rxf3 17. gxf3 Ne5 18. Kg2 Nxd3 19. f4 c5 20. Kf3
Bh4 21. Ke2 c4 22. b3 Nxc1+ 23. Rxc1 c3 24. f3 Kd7 25. Kd3 Bf6 26. b4 g6 27. a4
b6 28. h4 Ke8 29. a5 b5 30. Rh1 a6 31. h5 Kf7 32. h6 g5 33. fxg5 Bxg5 34. f4
Bxf4 35. Rf1 e5 36. Rf2 Kf6 37. Rg2 Bxh6 38. Rh2 Kg6 39. Rg2+ Bg5 40. Ke4 h5
41. Rc2 Bd2 {greekgift resigns} 0-1

[Event "ICS rated standard match"]
[Site "204.178.125.65"]
[Date "2000.07.29"]
[Round "?"]
[White "Hossa"]
[Black "greekgift"]
[Result "1-0"]
[WhiteElo "2262"]
[BlackElo "1932"]
[PlyCount "72"]
[EventDate "2000.??.??"]

1. d4 f5 2. c4 e6 3. Nc3 Nf6 4. e3 b6 5. d5 Bd6 6. Nb5 O-O 7. Nxd6 cxd6 8. Nf3
a5 9. Bd3 Na6 10. b3 Nc5 11. Be2 Bb7 12. Bb2 exd5 13. O-O dxc4 14. Bxc4+ d5 15.
Bxf6 Qxf6 16. Bxd5+ Bxd5 17. Qxd5+ Qe6 18. Rfd1 Qxd5 19. Rxd5 f4 20. Ne5 fxe3
21. fxe3 Rae8 22. Rf1 Rxf1+ 23. Kxf1 Re6 24. Nc4 Kf7 25. Nxb6 Rxb6 26. Rxc5 a4
27. bxa4 Rb2 28. a3 Rb3 29. Kf2 Rxa3 30. a5 Ke6 31. h3 Kd6 32. Rg5 g6 33. h4
Ke6 34. h5 gxh5 35. Rxh5 d5 36. a6 Kf6 {greekgift resigns} 1-0

[Event "ICS Rated blitz match"]
[Site "204.178.125.65"]
[Date "2000.07.29"]
[Round "?"]
[White "Tinker"]
[Black "Hossa"]
[Result "1-0"]
[WhiteElo "2560"]
[BlackElo "2531"]
[PlyCount "89"]
[EventDate "2000.??.??"]

1. e4 e5 2. Nc3 Nf6 3. Nf3 Nc6 4. d4 Bb4 5. Nxe5 Nxe4 6. Qf3 Nf6 7. Nxc6 dxc6
8. Qe3+ Be7 9. Bc4 Bf5 10. O-O Bxc2 11. Re1 b5 12. Be2 Rb8 13. Bf3 Rb6 14. Qe2
Bf5 15. a4 b4 16. a5 Rb8 17. Na4 Bd7 18. Nc5 Nd5 19. Bg5 f6 20. Bd2 Bc8 21. Na6
Rb7 22. Bxd5 cxd5 23. Nxb4 c5 24. dxc5 Kf8 25. Rac1 Rc7 26. Bf4 Rxc5 27. Nc6
Rxc6 28. Rxc6 Bf5 29. h3 Rg8 30. Bd6 Be4 31. Bxe7+ Kxe7 32. f3 Qxa5 33. fxe4 d4
34. Rd1 Rd8 35. Qc4 Qe5 36. Rc7+ Rd7 37. Rxd7+ Kxd7 38. Qf7+ Kd8 39. Qxa7 Ke8
40. Rc1 Qe7 41. Rc7 Qxc7 42. Qxc7 g6 43. Qxh7 g5 44. Qg7 d3 45. Kf2 {
Hossa resigns} 1-0

[Event "ICS rated blitz match"]
[Site "204.178.125.65"]
[Date "2000.07.29"]
[Round "?"]
[White "PostModernist"]
[Black "Hossa"]
[Result "1-0"]
[WhiteElo "2656"]
[BlackElo "2516"]
[PlyCount "101"]
[EventDate "2000.??.??"]

1. e4 e5 2. Bc4 Nf6 3. d3 c6 4. Nf3 d5 5. Bb3 Bg4 6. h3 dxe4 7. Bxf7+ Ke7 8.
hxg4 exf3 9. Bb3 fxg2 10. Rg1 Kd7 11. Rxg2 Kc7 12. Bd2 h5 13. g5 Nd5 14. Qf3 h4
15. Nc3 Nxc3 16. Bxc3 h3 17. Rh2 Qxg5 18. Rxh3 Rxh3 19. Qxh3 Na6 20. Ba5+ b6
21. Bd2 Qg1+ 22. Qf1 Qg4 23. a4 Nc5 24. Bc4 Qf3 25. b4 Nd7 26. a5 c5 27. b5 Be7
28. Qg1 Bf8 29. Bc3 bxa5 30. Rxa5 Qf4 31. Ra1 Nb6 32. Qg6 Qf6 33. Qg2 Bd6 34.
Ra6 Rb8 35. Rxa7+ Kd8 36. Qc6 Qg6 37. Bf7 Qg1+ 38. Ke2 Qg4+ 39. f3 Qg2+ 40. Kd1
Qxf3+ 41. Qxf3 Rc8 42. Ba5 Rc7 43. Ra8+ Nxa8 44. Qxa8+ Ke7 45. Qe8+ Kf6 46.
Qe6+ Kg5 47. Qg6+ Kf4 48. Bd2+ Kf3 49. Bd5+ e4 50. Bxe4+ Kf2 51. Qg2# {
Hossa checkmated} 1-0

[Event "ICS rated blitz match"]
[Site "204.178.125.65"]
[Date "2000.07.29"]
[Round "?"]
[White "Hossa"]
[Black "QueenMaxima"]
[Result "1-0"]
[WhiteElo "2506"]
[BlackElo "2512"]
[PlyCount "179"]
[EventDate "2000.??.??"]

1. d4 e6 2. c4 Nf6 3. Nf3 b6 4. g3 Ba6 5. Nbd2 Bb7 6. Bg2 Be7 7. O-O O-O 8. Rb1
a5 9. Qc2 Nc6 10. Ra1 a4 11. Ne4 a3 12. Nxf6+ Bxf6 13. Rd1 axb2 14. Bxb2 Qe7
15. a3 Ra5 16. Rab1 Rfa8 17. d5 exd5 18. Bxf6 Qxf6 19. cxd5 Rc5 20. Qb2 Qxb2
21. Rxb2 Na5 22. Ne5 d6 23. Nd3 Rc3 24. Ra2 Nc4 25. a4 Ra5 26. Nf4 Na3 27. Rd4
Rc1+ 28. Bf1 Nb5 29. Rdd2 Nc3 30. Rac2 Rxc2 31. Rxc2 Rc5 32. Nd3 Rc4 33. e4 h5
34. Kg2 h4 35. gxh4 f5 36. Nc1 Rc5 37. Nb3 Nxe4 38. Nxc5 Nxc5 39. Bc4 Nxa4 40.
f3 Nc5 41. Rd2 Kf7 42. h5 Kf6 43. Kg3 Ke5 44. Ba2 Ba6 45. Kh4 Nd3 46. Kg5 Nb4
47. Bb3 Bb7 48. Kg6 Na6 49. Kxg7 Nc5 50. h6 Nxb3 51. Rd1 Bxd5 52. f4+ Kxf4 53.
h7 Bf3 54. Re1 Nc5 55. h8=Q Be4 56. Kf6 Nd7+ 57. Ke7 Ne5 58. Qh4+ Ng4 59. Qg3+
Kg5 60. Rxe4 fxe4 61. h3 Kf5 62. Qxg4+ Ke5 63. h4 c5 64. Qg3+ Kd4 65. Qxd6+ Kc4
66. h5 e3 67. h6 e2 68. h7 e1=R+ 69. Qe6+ Rxe6+ 70. Kxe6 Kb3 71. Kd5 c4 72. Kd4
b5 73. Kd5 Kc3 74. Ke4 b4 75. Ke3 Kb3 76. Ke2 Kb2 77. Kf3 b3 78. Ke3 c3 79.
h8=Q Kc2 80. Kd4 b2 81. Qh7+ Kc1 82. Kxc3 b1=N+ 83. Kd3 Na3 84. Qe4 Kb2 85.
Qb4+ Ka2 86. Kd2 Nc4+ 87. Qxc4+ Ka3 88. Qb5 Ka2 89. Kc3 Ka3 90. Qa5# 1-0

[Event "ICS rated blitz match"]
[Site "204.178.125.65"]
[Date "2000.07.29"]
[Round "?"]
[White "QueenMaxima"]
[Black "Hossa"]
[Result "0-1"]
[WhiteElo "2496"]
[BlackElo "2522"]
[PlyCount "204"]
[EventDate "2000.??.??"]

1. d4 Nf6 2. Bf4 g6 3. Nf3 Bg7 4. e3 c5 5. c3 cxd4 6. cxd4 d6 7. Nbd2 Nd5 8.
Bg3 Nc6 9. Bc4 Nb6 10. Bb5 Bd7 11. O-O O-O 12. Rc1 Nb4 13. Bxd7 Qxd7 14. Qb3
Na6 15. Nc4 Nxc4 16. Rxc4 b5 17. Rc2 Rfc8 18. Rfc1 Rxc2 19. Qxc2 Re8 20. Qc6
Qxc6 21. Rxc6 Nb4 22. Rc7 a5 23. Ra7 a4 24. Bh4 f6 25. Rb7 Rc8 26. h3 Rc1+ 27.
Kh2 Nxa2 28. Bg3 Rb1 29. Rxb5 a3 30. Rb3 axb2 31. Nd2 Rd1 32. Rxb2 Nc3 33. Rb3
Ne2 34. Ne4 Bh6 35. h4 Kf7 36. Rb7 Ke6 37. Ra7 f5 38. Ng5+ Bxg5 39. hxg5 Rd2
40. Rc7 f4 41. d5+ Rxd5 42. Bxf4 Nxf4 43. exf4 Rc5 44. Rb7 Rc2 45. Kg3 Rc3+ 46.
Kg4 Ra3 47. Rb1 Kf7 48. Rh1 Kg8 49. Rc1 Rd3 50. Re1 Kf8 51. Rh1 Rd2 52. Kf3 Kg8
53. Rc1 Rd3+ 54. Ke4 Ra3 55. g3 Kf7 56. Rh1 Kg7 57. Kd5 Ra4 58. Ke6 Re4+ 59.
Kd7 Re2 60. f3 Re3 61. Rh3 d5 62. g4 d4 63. f5 d3 64. Rh2 Rxf3 65. Rd2 gxf5 66.
gxf5 Rxf5 67. Rxd3 Rxg5 68. Kxe7 Re5+ 69. Kd6 Kf6 70. Rd4 h5 71. Rf4+ Rf5 72.
Re4 Ra5 73. Rf4+ Kg5 74. Rf7 h4 75. Rg7+ Kh5 76. Re7 Ra6+ 77. Kc5 h3 78. Re3
Kg4 79. Re2 Rh6 80. Rh2 Kg3 81. Rh1 h2 82. Kd5 Kg2 83. Rb1 Rh5+ 84. Kd6 Rh4 85.
Rb2+ Kf3 86. Rb3+ Ke2 87. Rb1 Rh6+ 88. Kd5 h1=Q+ 89. Rxh1 Rxh1 90. Kd4 Ra1 91.
Ke4 Ra5 92. Kd4 Kf3 93. Kd3 Ra4 94. Kc3 Ke3 95. Kb3 Re4 96. Kc3 Ke2 97. Kb2 Kd3
98. Kb3 Kd2 99. Kb2 Re3 100. Kb1 Kc3 101. Ka2 Re1 102. Ka3 Ra1# 0-1

[Event "ICS rated standard match"]
[Site "204.178.125.65"]
[Date "2000.07.29"]
[Round "?"]
[White "Hossa"]
[Black "Mungo"]
[Result "0-1"]
[WhiteElo "2266"]
[BlackElo "2600"]
[PlyCount "198"]
[EventDate "2000.??.??"]

1. e4 c5 2. Nf3 d6 3. Bc4 Nf6 4. d3 Nc6 5. Nc3 a6 6. O-O b5 7. Bd5 Bb7 8. Bxc6+
Bxc6 9. e5 dxe5 10. Nxe5 Bb7 11. Bg5 h6 12. Bf4 e6 13. Qe2 Bd6 14. Rfd1 Qc7 15.
Re1 O-O 16. b3 b4 17. Na4 Nd5 18. Bg3 Rac8 19. Nc4 Bxg3 20. fxg3 Qe7 21. Rf1
Bc6 22. Ncb6 Rcd8 23. Nxd5 Rxd5 24. Nb6 Rg5 25. Nc4 Bb7 26. Rf4 Qc7 27. Re1 Bd5
28. Ne3 Re5 29. Qf2 Bc6 30. Rf1 Rg5 31. Nc4 Bd5 32. a4 Bb7 33. a5 Bd5 34. Nb6
Bc6 35. g4 Bb7 36. Qe3 Re5 37. Qd2 Bc6 38. Qf2 Bb5 39. h4 f6 40. Rd1 Re8 41.
Kf1 Kh7 42. Rc1 Re7 43. Rb1 Kg8 44. Rd1 Re8 45. Rc1 Rd8 46. Kg1 Rb8 47. Kh1 Re8
48. Rf1 Rd8 49. Qd2 Bc6 50. Kg1 Rd4 51. R1f2 Qe7 52. Nc4 Rxf4 53. Rxf4 Rd5 54.
Qe3 Qe8 55. Nb6 Re5 56. Qf2 Bb5 57. Kh2 Qd8 58. Kh1 Qc7 59. Kg1 Kf7 60. Kf1 Qc6
61. Qd2 Qe8 62. Rf2 Qd8 63. Qc1 Qd4 64. Rf4 Re4 65. Rxe4 Qxe4 66. Nc8 Qe5 67.
h5 Bc6 68. Qd2 Bb7 69. Nb6 Qa1+ 70. Kf2 Qxa5 71. Na4 Bc6 72. Qf4 Bxa4 73. bxa4
Qd8 74. Qe4 Qd4+ 75. Qxd4 cxd4 76. Kf3 e5 77. Ke4 Ke6 78. a5 Kd6 79. g5 fxg5
80. Kf3 Kd5 81. Ke2 e4 82. dxe4+ Kxe4 83. Kd2 g4 84. Ke2 Kf4 85. Kd3 Kg3 86.
Kxd4 Kxg2 87. Kc5 g3 88. Kb6 Kh2 89. Kxa6 g2 90. Kb7 g1=Q 91. a6 Qg2+ 92. Kb6
Qxc2 93. a7 Qc8 94. Ka5 b3 95. a8=Q Qxa8+ 96. Kb6 Qc8 97. Kb5 b2 98. Ka4 b1=R
99. Ka5 Qa8# {Hossa checkmated} 0-1

[Event "ICS rated standard match"]
[Site "204.178.125.65"]
[Date "2000.07.29"]
[Round "?"]
[White "PostModernist"]
[Black "Hossa"]
[Result "1-0"]
[WhiteElo "2397"]
[BlackElo "2262"]
[PlyCount "197"]
[EventDate "2000.??.??"]

1. d4 d5 2. Nf3 Nf6 3. e3 Bf5 4. c4 e6 5. Nc3 Nc6 6. a3 dxc4 7. Bxc4 a6 8. O-O
Be7 9. Bd3 Bxd3 10. Qxd3 Qd7 11. Rd1 O-O 12. e4 Rfd8 13. Bf4 Ng4 14. h3 Nf6 15.
d5 exd5 16. Nxd5 Nxd5 17. exd5 Na7 18. Rac1 Nb5 19. Ne5 Qc8 20. a4 Nd6 21. Re1
Re8 22. Qc2 Bf8 23. g4 Re7 24. Nf3 Rxe1+ 25. Nxe1 Qe8 26. Nd3 Qe4 27. Qb3 Qf3
28. Bg3 Ne4 29. Nc5 Qxb3 30. Nxb3 Nxg3 31. fxg3 Bd6 32. Kg2 Re8 33. Kf3 b6 34.
Nd2 f6 35. Ne4 Be5 36. b4 Rd8 37. Rd1 Ra8 38. Re1 a5 39. b5 Rd8 40. Rd1 Kf8 41.
Rd3 Rd7 42. g5 f5 43. Nd2 Bd6 44. Nc4 Bc5 45. g4 g6 46. gxf5 gxf5 47. Kf4 Rf7
48. Rd1 Rg7 49. Kxf5 Rf7+ 50. Kg4 Rf2 51. Rd2 Rf1 52. h4 Ra1 53. Nb2 Re1 54.
Kf3 Rh1 55. Kg3 Bd6+ 56. Kg4 Rf1 57. Rc2 Rf4+ 58. Kh5 Rd4 59. Rc3 Kg8 60. Nc4
Bb4 61. Rc1 Bc5 62. Nxa5 Rxa4 63. Nc6 Rf4 64. Rc3 Bd6 65. Rc2 Rf3 66. Rd2 Rb3
67. Nd4 Rb1 68. g6 Rb4 69. Nf5 hxg6+ 70. Kxg6 Rg4+ 71. Kf6 Kh7 72. Nxd6 Rg6+
73. Ke5 cxd6+ 74. Kf5 Kg7 75. Rc2 Rf6+ 76. Kg4 Rg6+ 77. Kh3 Kf6 78. Rc6 Ke5 79.
Rxb6 Kxd5 80. Rb8 Kd4 81. b6 Kc5 82. h5 Re6 83. Kg4 Kb5 84. Kg5 Re5+ 85. Kg6
Re6+ 86. Kg7 Re7+ 87. Kf6 Rd7 88. h6 d5 89. b7 d4 90. Kg6 Rd6+ 91. Kg7 Rd7+ 92.
Kg8 d3 93. h7 d2 94. Rc8 Rxh7 95. b8=Q+ Ka4 96. Rc4+ Ka3 97. Qb4+ Ka2 98. Rc2+
Ka1 99. Qb2# {Hossa checkmated} 1-0

[Event "ICS rated standard match"]
[Site "204.178.125.65"]
[Date "2000.07.29"]
[Round "?"]
[White "Hossa"]
[Black "steely"]
[Result "1-0"]
[WhiteElo "2252"]
[BlackElo "2400"]
[PlyCount "45"]
[EventDate "2000.??.??"]

1. d4 Nf6 2. c4 c6 3. Nc3 g6 4. e4 d6 5. Nf3 Bg7 6. Be2 O-O 7. O-O a5 8. Bg5 h6
9. Bf4 a4 10. e5 Nh5 11. Be3 Qa5 12. Bd2 Bg4 13. Nh4 Bxe2 14. Nxe2 Qc7 15. g4
g5 16. Nf5 Qd7 17. Qc2 Nf4 18. Nxf4 gxf4 19. exd6 exd6 20. Bxf4 Bxd4 21. Bxd6
Re8 22. Rfd1 c5 23. Bxc5 {steely resigns} 1-0

[Event "ICS Rated blitz match"]
[Site "204.178.125.65"]
[Date "2000.07.29"]
[Round "?"]
[White "Hossa"]
[Black "Njall"]
[Result "1-0"]
[WhiteElo "2543"]
[BlackElo "2164"]
[PlyCount "55"]
[EventDate "2000.??.??"]

1. d4 f5 2. c4 Nf6 3. g3 e6 4. Bg2 d5 5. cxd5 exd5 6. Nf3 Bd6 7. Ne5 Nbd7 8.
Bf4 Qe7 9. Nxd7 Bxd7 10. Bxd6 Qxd6 11. Nc3 c6 12. Qb3 b6 13. O-O O-O 14. e3 Kh8
15. Qc2 Rae8 16. Rfc1 Re7 17. Ne2 Ne4 18. Nf4 g5 19. Nd3 Rf6 20. Ne5 Be8 21. f3
f4 22. fxe4 fxe3 23. exd5 Rf2 24. Qc3 Rxg2+ 25. Kxg2 Qxd5+ 26. Kg1 Rxe5 27.
dxe5 Qf3 28. Rf1 {Njall resigns} 1-0

[Event "ICS rated blitz match"]
[Site "204.178.125.65"]
[Date "2000.07.29"]
[Round "?"]
[White "Hossa"]
[Black "Tinker"]
[Result "1-0"]
[WhiteElo "2546"]
[BlackElo "2528"]
[PlyCount "159"]
[EventDate "2000.??.??"]

1. d4 d5 2. c4 e6 3. Nc3 Nf6 4. cxd5 exd5 5. Bg5 Be7 6. Nf3 c6 7. e3 Qb6 8. Qd2
Na6 9. Na4 Qb4 10. Bxf6 Bxf6 11. Bxa6 Qxa4 12. Bd3 Bg4 13. h3 Bxf3 14. Bc2 Qb5
15. Bd3 Qb6 16. gxf3 O-O-O 17. O-O-O Kb8 18. Kb1 Bh4 19. Rc1 Ka8 20. Qc2 Rhe8
21. Rh2 Bf6 22. h4 Qc7 23. Rhh1 h6 24. h5 Qb6 25. Qc3 Re6 26. Bf5 Ree8 27. Rhg1
Qc7 28. f4 Rg8 29. Rg2 Qb6 30. Rgg1 Rge8 31. Rc2 Qc7 32. Rg2 Rh8 33. Rg3 Qb6
34. Rg1 Rhg8 35. Bh7 Rge8 36. Rg3 Qc7 37. Bf5 Rg8 38. Rc1 Qb6 39. Bh7 Rge8 40.
Rg2 c5 41. Qxc5 Qe6 42. Rgg1 Rc8 43. Qb5 Bh4 44. Rcf1 Bf6 45. Bc2 Rc6 46. Rc1
Rec8 47. Qa5 Ra6 48. Qb4 Rc4 49. Qb5 Rb6 50. Qa5 Rcb4 51. Bb3 R4b5 52. Qd2 Qd7
53. Qd3 Rxb3 54. axb3 Ra6 55. Rc5 Rc6 56. Rgc1 Qc8 57. Qc3 Be7 58. Rxc6 bxc6
59. Qxc6+ Qxc6 60. Rxc6 Kb7 61. Rc1 Bh4 62. Rg1 Bf6 63. f3 Kc6 64. Rc1+ Kd6 65.
Rc5 Bd8 66. e4 dxe4 67. fxe4 Bb6 68. Rc4 f5 69. e5+ Kd5 70. Rb4 Ke6 71. Ra4 Ke7
72. Rc4 Ba5 73. d5 Kd7 74. b4 Bb6 75. Kc2 Kd8 76. Rc5 Bxc5 77. bxc5 a5 78. c6
Kc7 79. b3 a4 80. bxa4 {Tinker resigns} 1-0

[Event "ICS rated blitz match"]
[Site "204.178.125.65"]
[Date "2000.07.29"]
[Round "?"]
[White "Tinker"]
[Black "Hossa"]
[Result "1-0"]
[WhiteElo "2513"]
[BlackElo "2561"]
[PlyCount "207"]
[EventDate "2000.??.??"]

1. e4 e5 2. Nc3 Nf6 3. Nf3 Nc6 4. d4 Bb4 5. Nxe5 Nxe4 6. Qf3 Nf6 7. Be3 Qe7 8.
Nxc6 dxc6 9. Be2 Bg4 10. Qg3 Bxe2 11. Kxe2 O-O 12. Kf1 Bxc3 13. bxc3 Rfe8 14.
Kg1 Ne4 15. Qe5 Qa3 16. Qxc7 Re7 17. Qf4 Qb2 18. Re1 Nxc3 19. Qg5 Rae8 20. h4
Qxc2 21. h5 Qxa2 22. h6 f6 23. Qh5 g6 24. Qf3 f5 25. Rh4 a5 26. Qh3 f4 27. Rxf4
Ne2+ 28. Rxe2 Qxe2 29. Kh2 Re6 30. Rf3 Qf1 31. Bg5 a4 32. Qg3 Qe1 33. Qf4 R6e7
34. Qd6 a3 35. Bxe7 a2 36. Ra3 Qxe7 37. Qxe7 Rxe7 38. Rxa2 Kf7 39. f4 g5 40.
fxg5 Kg6 41. Ra5 Rd7 42. Re5 Rxd4 43. g3 Kf7 44. Rf5+ Ke6 45. Rf6+ Ke7 46. Kh3
c5 47. Rb6 Kf8 48. Rxb7 Kg8 49. Rg7+ Kh8 50. Rc7 Rd8 51. Rxc5 Rg8 52. Kg4 Rd8
53. Rc6 Rg8 54. g6 hxg6 55. Kg5 Ra8 56. g4 Ra4 57. Rf6 Kh7 58. Rf7+ Kh8 59. Rf4
Ra6 60. Rf6 Ra4 61. Rxg6 Ra5+ 62. Kh4 Ra2 63. Rf6 Kh7 64. Kh5 Rh2+ 65. Kg5 Rc2
66. Rf7+ Kh8 67. Kg6 Rc6+ 68. Rf6 Rc8 69. g5 Kg8 70. Rf5 Rc6+ 71. Kh5 Rc3 72.
Ra5 Rc8 73. g6 Kf8 74. h7 Ke7 75. h8=Q Rxh8+ 76. Kg5 Rh3 77. Rf5 Ke6 78. Rf2
Rg3+ 79. Kh6 Rh3+ 80. Kg7 Rg3 81. Re2+ Kd7 82. Re4 Kd6 83. Kf6 Rf3+ 84. Kg5 Kd5
85. Rf4 Rg3+ 86. Rg4 Re3 87. g7 Re8 88. Kf6 Rg8 89. Kf7 Rd8 90. g8=Q Rxg8 91.
Rxg8 Ke5 92. Rd8 Kf5 93. Re8 Kg5 94. Re5+ Kg4 95. Kg6 Kf4 96. Re8 Kg4 97. Rf8
Kh4 98. Kf5 Kg3 99. Kg5 Kh3 100. Kf4 Kg2 101. Kg4 Kh2 102. Kf3 Kg1 103. Rh8 Kf1
104. Rh1# {Hossa checkmated} 1-0

[Event "ICS rated blitz match"]
[Site "204.178.125.65"]
[Date "2000.07.29"]
[Round "?"]
[White "MissSilicon"]
[Black "Hossa"]
[Result "1-0"]
[WhiteElo "2773"]
[BlackElo "2543"]
[PlyCount "129"]
[EventDate "2000.??.??"]

1. e4 e5 2. Nf3 Nc6 3. d4 exd4 4. Nxd4 Bc5 5. Nb3 Bb6 6. a4 a6 7. Nc3 d6 8. Nd5
Ba7 9. Bg5 Nge7 10. Na5 f6 11. Qh5+ Ng6 12. Bd2 Nce5 13. Be2 O-O 14. f4 Nf7 15.
f5 Nge5 16. Nc4 Re8 17. Nxe5 Rxe5 18. Nc3 c6 19. Bf4 Re7 20. O-O-O b5 21. Bf3
bxa4 22. Nxa4 Rb8 23. Bd2 a5 24. h4 Ne5 25. Be2 Qc7 26. Bf1 d5 27. exd5 cxd5
28. Re1 Qc6 29. Nc3 d4 30. Nd1 d3 31. Bc3 dxc2 32. Kxc2 Bd7 33. Kb1 Qc8 34. Bd3
Qc5 35. Bxe5 Rxe5 36. Rxe5 Qxe5 37. Qf3 Qc5 38. Re1 Bc6 39. Be4 Bxe4+ 40. Qxe4
Qb5 41. Qc2 Bd4 42. Re7 Be5 43. h5 Qb4 44. Rd7 Re8 45. Qd3 Kh8 46. Rd8 Qe7 47.
Rd5 Bf4 48. Rxa5 Rd8 49. Rd5 Rc8 50. Nc3 Rb8 51. g4 Qc7 52. Qd4 Re8 53. Qa4 Qb8
54. Qd1 Be3 55. Rd7 Bg5 56. Ne4 Bh4 57. Qd5 Qh2 58. Nd6 Qg1+ 59. Ka2 g6 60.
hxg6 Qa1+ 61. Kxa1 hxg6 62. Qb7 Re1+ 63. Ka2 gxf5 64. Rd8+ Re8 65. Rxe8# {
Hossa checkmated} 1-0

[Event "ICS rated blitz match"]
[Site "204.178.125.65"]
[Date "2000.07.29"]
[Round "?"]
[White "Hossa"]
[Black "Tinker"]
[Result "0-1"]
[WhiteElo "2536"]
[BlackElo "2531"]
[PlyCount "96"]
[EventDate "2000.??.??"]

1. d4 d5 2. Nf3 Bf5 3. c4 e6 4. e3 Nf6 5. Nc3 Nc6 6. c5 a6 7. Be2 Be7 8. Nh4
Be4 9. f3 Nh5 10. fxe4 Bxh4+ 11. g3 Nxg3 12. hxg3 Bxg3+ 13. Kd2 dxe4 14. Nxe4
Bh4 15. Qb3 Rb8 16. Kc2 Be7 17. Qa4 Qd5 18. Bf3 Qf5 19. Rf1 O-O 20. Bd2 Rfd8
21. Bh1 Qh5 22. Nc3 e5 23. d5 b5 24. Qe4 Qh2 25. d6 b4 26. Qf5 bxc3 27. Kxc3
Bf6 28. Rf2 Qh4 29. Bxc6 Qb4+ 30. Kd3 Qxc5 31. Bh1 Rxb2 32. Ke2 Qxd6 33. Kf3
Rxd2 34. Kg4 Qb4+ 35. Kh3 Qh4+ 36. Kg2 g6 37. Qf3 e4 38. Qg3 Rxf2+ 39. Qxf2
Qg4+ 40. Kf1 Bxa1 41. Qe1 Rd1 42. Bxe4 Rxe1+ 43. Kxe1 Qxe4 44. Kf2 h5 45. a3 h4
46. Kf1 Qf3+ 47. Kg1 h3 48. a4 Qg2# {Hossa checkmated} 0-1

[Event "ICS rated blitz match"]
[Site "204.178.125.65"]
[Date "2000.07.29"]
[Round "?"]
[White "Tinker"]
[Black "Hossa"]
[Result "0-1"]
[WhiteElo "2547"]
[BlackElo "2520"]
[PlyCount "130"]
[EventDate "2000.??.??"]

1. e4 e5 2. Nc3 Nf6 3. Nf3 Nc6 4. d4 Bb4 5. Nxe5 Nxe4 6. Qf3 Nf6 7. Nxc6 dxc6
8. Qe3+ Be6 9. Bc4 Nd5 10. Bxd5 cxd5 11. O-O O-O 12. Qg3 Bf5 13. Bg5 Qd7 14.
Bf6 Bg6 15. Be5 Ba5 16. Rac1 Rfe8 17. f4 Bxc3 18. bxc3 f5 19. Rfe1 Rab8 20. c4
dxc4 21. Qa3 Qd5 22. c3 Rbc8 23. Qxa7 Ra8 24. Qc5 Qxc5 25. dxc5 Rxa2 26. Rb1
Bf7 27. Rxb7 Bd5 28. Rxc7 Rxg2+ 29. Kf1 Ra8 30. Re2 Ra1+ 31. Re1 Raa2 32. Rc8+
Kf7 33. Rc7+ Ke6 34. Rb1 Raf2+ 35. Ke1 Bf3 36. Bd4 Re2+ 37. Kf1 Kd5 38. h4 Ke4
39. Rxg7 Kxf4 40. Rxh7 Kg3 41. Rg7+ Kxh4 42. Rh7+ Kg3 43. Rb6 Re4 44. Rg6+ Bg4
45. Rxg4+ Rxg4 46. c6 Rf4+ 47. Ke1 Re4+ 48. Kd1 Ra2 49. c7 Re8 50. Re7 Rc8 51.
Be5+ f4 52. Rf7 Rf2 53. Rf6 Ra8 54. Bxf4+ Rxf4 55. Rg6+ Rg4 56. Rc6 Rc8 57. Ke2
Rg7 58. Ke3 Rcxc7 59. Ra6 Rcd7 60. Ke4 Rd3 61. Ra3 Re7+ 62. Kf5 Rf3+ 63. Kg5
Re5+ 64. Kh6 Ra5 65. Rxa5 Rxc3 {Tinker resigns} 0-1